Statistics for 地方行政緊急措置要項における沖縄の市

Click here to take the quiz!

General Stats

  • This quiz has been taken 9 times
  • The average score is 2 of 16

Answer Stats

市名現在の市町村% Correct
石川市うるま市
88%
久志市名護市
25%
糸満市糸満市
13%
田井等市
13%
知念市南城市
13%
漢那市国頭郡宜野座村
13%
辺土名市国頭郡国頭村
13%
古知屋市名護市
0%
瀬嵩市
0%
高松市
0%
胡座市沖縄市
0%
平安座市
0%
前原市うるま市
0%
宜野座市
0%
惣慶市
0%
福山市
0%

Score Distribution

Percentile by Number Answered

Percent of People with Each Score

Your Score History

You have not taken this quiz